| 000 | 01368nam a2200349 i 4500 | ||
|---|---|---|---|
| 003 | EG-GICUC | ||
| 005 | 20260121101531.0 | ||
| 008 | 251222s2011 ua ||||fr|||| 000 0 ara d | ||
| 017 | _a2010/16490 | ||
| 020 | _a978-977-328-767-6 | ||
| 040 |
_a EG-GICUC _bara _c EG-GICUC _d EG-GICUC _erda |
||
| 041 | _aara | ||
| 082 | 0 | 4 |
_221 _a345.451065 _bس ل . س |
| 092 | 0 | 4 | _221 |
| 099 | _aLaw1 07 345.451065 س ل . س 2011 | ||
| 100 | 0 |
_aسليم جديدي _eمؤلف. |
|
| 245 | 1 | 0 |
_aسلطة تأديب الموظف العام في التشريع الجزائري : _bدراسة مقارنة / _cدكتور سليم جديدي. |
| 264 | 1 |
_aالإسكندرية : _bدار الجامعة الجديدة, _c2011. |
|
| 300 |
_a342 صفحة؛ _c24 سم _bإيضاحيات، صور، مثيليات ؛ |
||
| 336 |
_2rda content _atext |
||
| 337 |
_2rda media _aComputer |
||
| 338 |
_2rda carrier _aOnline Resource |
||
| 504 | _a. 336-325ببليوجرافيا: صفحات. | ||
| 546 | _aالنص باللغة العربية | ||
| 650 | 4 | _aالسلطات التاديبية | |
| 650 | 4 | _aالموظف العام الدولي | |
| 650 | 4 | _aاجراءات وضمانات تأديب العاملين المدنين بالدولة | |
| 651 | 1 | _2qrmak | |
| 856 | 4 | 0 | _uhttps://fll.law.cu.edu.eg/fulltext/bks/B07-01631.pdf |
| 905 | _a79 | ||
| 942 |
_2ddc _cBK _e21 _n0 |
||
| 999 |
_c52127 _d52127 |
||